Litigation tactics (Record no. 76902)

MARC details
000 -LEADER
fixed length control field 01156cab a2200217 4500
001 - CONTROL NUMBER
control field ##L133276
008 - FIXED-LENGTH DATA ELEMENTS--GENERAL INFORMATION
fixed length control field 060426n2006 000 0 eng u
035 ## - SYSTEM CONTROL NUMBER
System control number (Sirsi) u133276
041 0# - LANGUAGE CODE
Language code of text/sound track or separate title eng
100 1# - MAIN ENTRY--PERSONAL NAME
Personal name Iller, Martin
245 00 - TITLE STATEMENT
Title Litigation tactics
260 ## - PUBLICATION, DISTRIBUTION, ETC.
Date of publication, distribution, etc. 2006
490 #0 - SERIES STATEMENT
Series statement Solicitors' Journal
Volume/sequential designation 150(15) 21 April 2006, 490-491(2)
520 ## - SUMMARY, ETC.
Summary, etc. New costs rules in family proceedings provide that the court will not require one party to pay the costs of another party unless it considers it is appropriate to do so because of the conduct of that party. The consequence is that offers made in negotiations expressed to be without prejudice save as to costs (known as Calderbank offers) will no longer be admissible. Considers the history of Calderbank offers and the likely impact of the new rules, including the future of without prejudice negotiations.
650 24 - SUBJECT ADDED ENTRY--TOPICAL TERM
Topical term or geographic name entry element CIVIL PROCEDURE RULES PART 43
650 24 - SUBJECT ADDED ENTRY--TOPICAL TERM
Topical term or geographic name entry element FAMILY PROCEEDINGS (AMENDMENT) RULES 2006
650 24 - SUBJECT ADDED ENTRY--TOPICAL TERM
Topical term or geographic name entry element CALDERBANK LETTERS
650 24 - SUBJECT ADDED ENTRY--TOPICAL TERM
Topical term or geographic name entry element WHITE V WHITE
690 ## - LOCAL SUBJECT ADDED ENTRY--TOPICAL TERM (OCLC, RLIN)
Topical term or geographic name as entry element MANAGEMENT-DISPUTE AVOIDANCE, MANAGEMENT AND RESOLUTION-DISPUTE MANAGEMENT AND RESOLUTION
942 ## - ADDED ENTRY ELEMENTS (KOHA)
Suppress in OPAC 0
Holdings
Withdrawn status Lost status Source of classification or shelving scheme Damaged status Not for loan Home library Current library Shelving location Date acquired Total Checkouts Full call number Barcode Date last seen Copy number Price effective from Koha item type
    Dewey Decimal Classification     London London Journal article 26/04/2006   L133276 133276-1001 06/08/2019 1 06/08/2019 Journal article